<?xml version="1.0" encoding="UTF-8"?>
<collection xmlns:xsi="http://www.w3.org/2001/XMLSchema-instance" xsi:schemaLocation="http://www.loc.gov/MARC21/slim http://www.loc.gov/standards/marcxml/schema/MARC21slim.xsd" xmlns="http://www.loc.gov/MARC21/slim">
 <record>
  <leader>00000ctm a22000004a 4500</leader>
  <controlfield tag="001">UP-99796217612386584</controlfield>
  <controlfield tag="003">Buklod</controlfield>
  <controlfield tag="005">20170217161752.0</controlfield>
  <controlfield tag="006">a     r    |||| u|</controlfield>
  <controlfield tag="007">ta</controlfield>
  <controlfield tag="008">170217s2001    xx     d     r    |||| u|</controlfield>
  <datafield tag="035" ind1=" " ind2=" ">
   <subfield code="a">(iLib)UPD-00261910647</subfield>
  </datafield>
  <datafield tag="040" ind1=" " ind2=" ">
   <subfield code="a">DCHE</subfield>
  </datafield>
  <datafield tag="041" ind1=" " ind2=" ">
   <subfield code="a">eng</subfield>
  </datafield>
  <datafield tag="042" ind1=" " ind2=" ">
   <subfield code="a">dmluc</subfield>
  </datafield>
  <datafield tag="090" ind1=" " ind2=" ">
   <subfield code="a">LG 995 2001 F2</subfield>
   <subfield code="b">H47</subfield>
  </datafield>
  <datafield tag="100" ind1="1" ind2=" ">
   <subfield code="a">Hermano, Rosemarie Claro</subfield>
  </datafield>
  <datafield tag="245" ind1="1" ind2="4">
   <subfield code="a">The institutional status of the Methodist learning centers in the Mindanao Philippines annual conference</subfield>
   <subfield code="c">Rosemarie Claro Hermano ; Carolyn Victoria U. Ronquillo, adviser.</subfield>
  </datafield>
  <datafield tag="264" ind1=" " ind2="1">
   <subfield code="c">2001.</subfield>
  </datafield>
  <datafield tag="300" ind1=" " ind2=" ">
   <subfield code="a">viii, 123 leaves</subfield>
   <subfield code="b">ill. (col.), map</subfield>
  </datafield>
  <datafield tag="500" ind1=" " ind2=" ">
   <subfield code="a">Vita.</subfield>
  </datafield>
  <datafield tag="502" ind1=" " ind2=" ">
   <subfield code="a">Thesis (M.F.L.C.D.)--University of the Philippines, Diliman.</subfield>
  </datafield>
  <datafield tag="520" ind1=" " ind2=" ">
   <subfield code="a">This study sought to describe and analyze the status of 19 Methodist preschools in Mindanao Philippines Annual Conference (diocese). The focus was on curriculum, physical environment, staff qualifications, and financial conditions. There were nine administrative pastors and 22 teachers as respondents. The researcher developed questionnaire, interview schedule and observation checklist as tools in gathering data. Frequency distribution, percentage, means, and t-test for independent samples were used in the analysis. Findings revealed that there were no significant differences between the perceptions of teachers and pastors on the status of the curriculum and physical environment. Curriculum content was perceived to be high status. School sites, classroom furniture and health facilities were of high status. However, playground apparatus and instructional materials were of low status/Academic qualifications of administrators were also of low status. Teachers specialized in Bachelor in Kindergarten Education and therefore where of high status. However, the schools had a low financial status. Most sponsoring churches gave subsidy to the preschools. Compensation given to teachers was very minimal. This study recommended that: a.) salary of teachers should be raised; b.) school administrators should be provided; d.) government should extend assistance to Church-based schools; e.) Methodist preschools should be encouraged to comply with DECS requirements, f.) DECS should review and update Order 107; g.) Institutions that offer early childhood education courses should advocate for preschool programs; and h.) research be conducted with more respondents and qualitative methods.</subfield>
  </datafield>
  <datafield tag="650" ind1=" " ind2="4">
   <subfield code="a">Education, Preschool</subfield>
   <subfield code="z">Philippines</subfield>
   <subfield code="z">Mindanao.</subfield>
  </datafield>
  <datafield tag="650" ind1=" " ind2="4">
   <subfield code="a">Methodist Church</subfield>
   <subfield code="x">Education</subfield>
   <subfield code="z">Philippines</subfield>
   <subfield code="z">Mindanao.</subfield>
  </datafield>
  <datafield tag="700" ind1="1" ind2=" ">
   <subfield code="a">Ronquillo, Carolyn Victoria U.</subfield>
  </datafield>
  <datafield tag="905" ind1=" " ind2=" ">
   <subfield code="a">FI</subfield>
  </datafield>
  <datafield tag="905" ind1=" " ind2=" ">
   <subfield code="a">UP</subfield>
  </datafield>
  <datafield tag="852" ind1="0" ind2=" ">
   <subfield code="a">UPD</subfield>
   <subfield code="b">DCHE</subfield>
   <subfield code="h">LG 995 2001 F2</subfield>
   <subfield code="i">H47</subfield>
  </datafield>
  <datafield tag="942" ind1=" " ind2=" ">
   <subfield code="a">Thesis</subfield>
  </datafield>
 </record>
</collection>
